000 00623nam a2200205Ia 4500
003 IN-BaIIA
008 211028s9999 xx 000 0 eng d
020 _a0-85656-025-1
040 _cIIA Library
080 _a52(091)
_bHUT
100 _aHutchinson, E. W.
_913259
245 0 _aRevolution in siam 1688
_bthe memoir of Father de Beze
_cE. W. Hutchinson
260 _aHong Kong
_bUniversity Press
_c1968
300 _axxiii, 179p.
650 _adee Beze
_913260
650 _aMemoirs
_9901
650 _aRevolution
_913261
650 _aSiam Revolution
_913262
942 _cBK
999 _c7858
_d7858